00620nac a22001811u 4500010001600000082001500016090001500031100003400046245005600080250001100136260004400147300002800191490004700219650002600266942001700292999001500309952011400324 a 5500829300a660bS5613 c4688d4688 aShreve, Randolph Norri 14aThe chemical process industries /cR.Norris Shreve. a2d ed. aNew York,bMcGraw-Hill,c.1956.cc.1956. a1004 p.billus.c24 cm.0 aMcGraw-Hill series in chemical engineering 0aChemistry, Technical. cBBk660S5613 c4688d4688 00104070aMAINbMAINc1STd2016-09-07ePurchasel2o660 SHRp000005648r2025-07-15 00:00:00s2018-02-27yBB